Literature and Criticism

Gorde:
Xehetasun bibliografikoak
Egile nagusia: Coombes, H.
Formatua: Liburua
Hizkuntza:Undetermined
Argitaratua: Gran Bretaña Pelican Books 1966
Edizioa:3
Gaiak:
Etiketak: Etiketa erantsi
Etiketarik gabe, Izan zaitez lehena erregistro honi etiketa jartzen!

MARC

LEADER 00000nam a2200000Ia 4500
008 170316s9999 xx 000 0 und d
090 |a 801 C-28L 
100 |a Coombes, H. 
245 |a Literature and Criticism 
250 |a 3 
260 |a Gran Bretaña 
260 |b Pelican Books 
260 |c 1966 
300 |a 156 páginas 
650 |a TEORÍA LITERARIA 
650 |a LITERATURA 
650 |a HISTORIA 
650 |a CRÍTICA 
999 |c 20182  |d 20182 
040 |a cru BVZT 
942 |c 15 D  |h 801 C-28L  |2 z